Riconosci il Pokémon - Quiz n°681 - Statistics

Statistiche generali
  • Questo quiz è stato fatto 0 volte
  • Il punteggio medio è 0 su 10
Statistiche sulle risposte
Indizio Riposta % Corretto
Altezza 0,4 m
0%
Tasso di cattura 120 (24.9%)
0%
Sesso 50% ♂, 50% ♀
0%
Peso 7,0 kg
0%
Abilità Alternacura; Indagine; Coglibacche
0%
Stadio evoluzione Forma Base
0%
Tasso di allevamento Medio-Veloce
0%
Pokémon Phantump
0%
Generazione Sesta
0%
Tipo Spettro / Erba
0%
Nessun quiz corrispondente trovato
Distribuzione punteggi
Percentuale di utenti per punteggio
Percentile per numero di risposta
I tuoi punteggi nel tempo
Non hai fatto questo quiz